header

Time, narrative, and emotion in early modern England (Record no. 163315)

MARC details
000 -LEADER
fixed length control field 01632nam a2200385Ia 4500
082 04 - DEWEY DECIMAL CLASSIFICATION NUMBER
Classification number 820.9/33
100 1# - MAIN ENTRY--AUTHOR NAME
Personal name Wood, David Houston.
245 10 - TITLE STATEMENT
Title Time, narrative, and emotion in early modern England
260 ## - PUBLICATION, DISTRIBUTION, ETC. (IMPRINT)
Place of publication Burlington, VT ;
-- Farnham, Surrey :
Name of publisher Ashgate,
Year of publication c2009.
300 ## - PHYSICAL DESCRIPTION
Number of Pages x, 199 p.
490 1# - SERIES STATEMENT
Series statement Literary and scientific cultures of early modernity
650 #0 - SUBJECT ADDED ENTRY--TOPICAL TERM
Topical Term English prose literature
Topical Term Time in literature.
Topical Term Literature and medicine
Topical Term Literature and medicine
Topical Term Self in literature.
Topical Term Emotions in literature.
856 40 - ELECTRONIC LOCATION AND ACCESS
Uniform Resource Identifier http://site.ebrary.com/lib/rucke/Doc?id=10343294

No items available.

© 2026 Rongo University
Contact us: librarian | system librarian | Rongo university